Statistics for Countries with Colonial Empires

Click here to take the quiz!

General Stats

  • This quiz has been taken 632 times
  • The average score is 15 of 32

Answer Stats

DatesEmpire% Correct
1707-presentBritish Empire
86%
1534-presentFrench Empire
86%
1492-1975Spanish Empire
83%
1415-2002Portuguese Empire
79%
1991-presentRussia
75%
1602-presentDutch Empire
72%
1884-1918German Empire
71%
1299-1922Ottoman Empire
71%
1817-presentUnited States of America
71%
1868-1945Japanese Empire
70%
1580-1922Russian Empire
70%
1885-1960Italian Empire
67%
1885-1962Belgian Empire
64%
1620-presentDanish Empire
57%
1638-1663Swedish Empire
56%
875-1397Norwegian Empire
53%
1785-1878Swedish Empire
53%
1719-1750Habsburg Austria
50%
1778-1783Habsburg Austria
49%
1922-1991USSR
38%
1901-presentAustralia
36%
1907-presentNew Zealand
31%
1638-1721Brandenburg-Prussia
23%
1915-1990South Africa
23%
1621-1707Scottish colonization of the Americas
21%
1583-1707English Empire
19%
1901-1917Austro-Hungarian Empire
13%
1975-presentMorocco
12%
1651-1655Knights Hospitaller of Malta
10%
1651-1664Duchy of Courland and Semigallia
9%
1652-1892Muscat and Oman
9%
1707-1828Kingdom of Siam
7%

Score Distribution

Percentile by Number Answered

Percent of People with Each Score

Your Score History

You have not taken this quiz